[Event "13th World University Championship - MEN"]
[Site "Katowice"]
[Date "2014.08.24"]
[Round "9"]
[White "Olszewski, Michal"]
[Black "Stankovic, Milos"]
[Result "1-0"]
[LiveChessVersion "1.4.4"]
[BlackElo "2416"]
[WhiteElo "2555"]

1. Nf3  Nf6  2. c4  e6
 3. Nc3  Bb4  4. Qc2
 b6  5. e4  Bb7 
6. e5  Ng4  7. Be2  f6
 8. exf6  Qxf6  9. O-O
 Bxf3  10. Bxf3  Qf4
 11. Bxg4  Qxg4  12. Nb5
 Bd6  13. d4  Nc6
 14. d5  Ne5  15. Nxd6+
 cxd6  16. dxe6  dxe6
 17. Qa4+  Ke7  18. b3
 Nf3+  19. Kh1  Nh4
 20. Qc6  Rhc8  21. Qb7+
 Ke8  22. Re1  e5
 23. Ba3  Rab8  24. Rxe5+
 Kf8  25. Bxd6+  1-0

[Event "13th World University Championship - MEN"]
[Site "Katowice"]
[Date "2014.08.24"]
[Round "9"]
[White "Chen, Peng"]
[Black "Batchuluun, Tsegmed"]
[Result "0-1"]
[LiveChessVersion "1.4.4"]
[BlackElo "2513"]
[WhiteElo "2198"]

1. e4  e5  2. Nf3  Nc6
 3. Nc3  Nf6  4. Bb5
 Bb4  5. O-O  O-O
 6. Nd5  Nxd5  7. exd5
 e4  8. dxc6  exf3
 9. Qxf3  dxc6  10. Be2
 Be6  11. d4  Bd5
 12. Qg3  Re8  13. Bd3
 Bd6  14. Qg4  Be6
 15. Qg5  Be7  16. Qf4
 Bd6  17. Qg5  Qd7
 18. Bf4  h6  19. Qg3
 Rad8  20. Rfd1  Bxf4
 21. Qxf4  Qd6  22. Qxd6
 Rxd6  23. c3  Red8
 24. Be2  b6  25. b3
 a5  26. Re1  c5 
27. dxc5  bxc5  28. Red1  Rd2
 29. Kf1  R8d6  30. Rxd2
 Rxd2  31. Ke1  Rb2
 32. c4  Kf8  33. Bd1
 Bf5  34. Rc1  Rxa2
 35. Rc3  Ke7  36. Re3+
 Kd6  37. Re8  Be6
 38. Ra8  Bd7  39. Rd8
 Ke7  40. Rb8 Bc6  41. Rc8
 Kd6  42. Rf8  Ke6
 43. Rc8 Kd6  44. Rf8  f6
 45. Rf7  Bxg2  46. Rxg7
 Be4  47. Rf7  Ke5
 48. Rxc7  Kd4  49. Rd7+
 Kc3  50. Rd6  Ra1
 51. Ke2  f5  52. Ke3
 h5  53. f3  Bc2 
54. Bxc2  Kxc2  55. Rd5  Kxb3
 56. Rxc5  a4  57. Rxf5
 a3  58. Rxh5  a2
 59. Ra5  Re1+  60. Kf4
 a1=Q  61. Rxa1  Rxa1
 62. h4  Kxc4  63. h5
 Kd5  64. Kg5  Ke6
 65. Kg6  Rg1+  66. Kh7
 Kf6  67. f4  Rh1
 68. h6  Kf7  69. f5
 Rh5  0-1

[Event "13th World University Championship - MEN"]
[Site "Katowice"]
[Date "2014.08.24"]
[Round "9"]
[White "Spalir, Jernej"]
[Black "Piorun, Kacper"]
[Result "0-1"]
[LiveChessVersion "1.4.4"]
[BlackElo "2560"]
[WhiteElo "2243"]

1. d4  f5  2. c4  Nf6
 3. g3  e6  4. Bg2
 Be7  5. Nf3  O-O
 6. O-O  d6  7. Nc3
 Qe8  8. Re1  Ne4
 9. Qc2  Qg6  10. Be3
 Nc6  11. d5  Nb4
 12. Qb3  Nxc3  13. Qxc3
 f4  14. Qxb4  fxe3
 15. fxe3  e5  16. Rf1
 e4  17. Nd4  Rxf1+
 18. Rxf1  Qh6  19. Nc2
 Qg6  20. c5  dxc5
 21. Qxe4  Qxe4  22. Bxe4
 Bf6  23. b3  Bd7
 24. Bf3  Kf7  25. Kf2
 Ke7  26. Na3  Rb8
 27. Nc4  b5  28. Nd2
 Bb2  29. Rb1  Ba3
 30. Rd1  a5  31. Nb1
 Bb2  32. Rd2  Be5
 33. Rc2  Bd6  34. Nd2
 a4  35. bxa4  b4
 36. a5  Ra8  37. Nb3
 Ba4  38. Rxc5  Bxc5
 39. d6+  Kxd6  40. Bxa8
 Ba7  41. Be4  h6
 42. Bd3  Kd5  43. Kf3
 Bd7  44. e4+  Ke5
 45. a6  h5  46. e3
 g5  47. Na5  g4+
 48. Ke2  Kd6  49. e5+
 Kxe5  50. Bg6  Bb5+
 51. Bd3  Be8  52. Bg6
 Bb5+  53. Bd3  Be8
 54. Bg6  Bxg6  55. Nc6+
 Kd5  56. Nxa7  Kc5
 57. Nc8  Kb5  58. e4
 Kxa6  59. Kd3  Bf7
 60. e5  Bxa2  61. Ne7
 Kb5  62. Kc2  Kc5
 63. Nf5  Bf7  64. Ng7
 Kd5  65. e6  Bxe6
 66. Nxh5  c5  67. Nf4+
 Ke5  68. Kd3  c4+
 69. Ke3  Bf5  70. Ne2
 b3  0-1

[Event "13th World University Championship - MEN"]
[Site "Katowice"]
[Date "2014.08.24"]
[Round "9"]
[White "Petrosyan, Tigran S."]
[Black "Krejci, Jan"]
[Result "1/2-1/2"]
[LiveChessVersion "1.4.4"]
[BlackElo "2531"]
[WhiteElo "2421"]

1. g3  d5  2. Nf3  c6
 3. Bg2  Bg4  4. c4
 e6  5. cxd5  exd5
 6. d3  Nd7  7. O-O
 Ngf6  8. Nc3  Be7
 9. h3  Bxf3  10. Bxf3
 O-O  11. e4  dxe4
 12. dxe4  Re8  13. Bg2
 Bb4  14. Qc2  Nc5
 15. Be3  Qd3  16. Qxd3
 Nxd3  17. Rab1  b6
 18. Rfd1  Rad8  19. Rd2
 Nxb2  20. Rxd8  Rxd8
 21. Rxb2  Bxc3  22. Rc2
 Bd4  23. Bxd4  Rxd4
 24. Rxc6  Kf8  25. e5
 Nd7  26. Rc8+  Ke7
 27. Rc7  a5  28. f4
 Rd1+  29. Bf1  f6
 30. exf6+  gxf6  31. Kf2
 Kd6  32. Rc2  Nc5
 33. Bb5  a4  34. Ke2
 Rg1  35. Kf3  Rb1
 36. Rd2+  Ke7  37. Bd3
 Nxd3  1/2-1/2

[Event "13th World University Championship - MEN"]
[Site "Katowice"]
[Date "2014.08.24"]
[Round "9"]
[White "Klekowski, Maciej"]
[Black "Nenezic, Marko"]
[Result "1-0"]
[LiveChessVersion "1.4.4"]
[BlackElo "2430"]
[WhiteElo "2383"]

1. e4  c5  2. Nc3  d6
 3. Nf3  Nf6  4. Bb5+
 Bd7  5. Bxd7+  Qxd7
 6. O-O  Nc6  7. d3
 e6  8. h3  Be7 
9. Bf4  O-O  10. e5  dxe5
 11. Nxe5  Nxe5  12. Bxe5
 Qc6  13. Rb1  Rad8
 14. Qe2  Nd7  15. Bh2
 Rfe8  16. Rfe1  Bf8
 17. Ne4  e5  18. Nd2
 Nb6  19. Qg4  Rd4
 20. Qf3  Qc7  21. Qh5
 Rd5  22. Nc4  Nxc4
 23. dxc4  g6  24. Qe2
 Rd7  25. Bxe5  Qc6
 26. Qg4  Rde7  27. Bc3
 Rxe1+  28. Rxe1  Rxe1+
 29. Bxe1  Bg7  30. b3
 Bd4  31. Bd2  Kg7
 32. a4  h5  33. Qf4
 Qe6  34. Qf3  Qe7
 35. Kf1  Qd7  36. Bg5
 Qc7  37. Bf4  Qe7
 38. Bd2  Kg8  39. Qf4
 Kg7  40. h4  Qe6
 41. Qf3  Qd7  42. g3
 b6  43. Kg2  Qe6
 44. Bf4  Qe1  45. Bb8
 Qe7  46. Kf1  Qd7
 47. Kg2  Qe7  48. c3
 Bf6  49. Qa8  Bxc3
 50. Bxa7  Bd4  51. Bb8
 Qe2  52. Qf3  Qd2
 53. Bc7  Qb4  54. Bd8
 Kg8  55. Qa8  Kh7
 56. Qb7  Kg7  57. Qf3
 Qa5  58. Kf1  Qb4
 59. Bc7  Bc3  60. Qe3
 Bd4  61. Be5+  Bxe5
 62. Qxe5+  Kh7  63. Qe8
 Kg7  64. Qb5  Qa5
 65. Ke2  Kf6  66. Qd7
 Qb4  67. Qd3  Kg7
 68. Qe3  Kg8  69. Kf3
 Qa5  70. Kf4  Qa8
 71. Qe4  Qd8  72. Ke3
 Qf6  73. Qd3  Qe5+
 74. Kf3  Kg7  75. Kg2
 Qb2  76. Qe3  Kf6
 77. Kf3  Kf5  78. Qd3+
 Ke6  79. Qd5+  Kf6
 80. Qd6+  Kg7  81. Qxb6
 Qd4  82. Qb7  g5
 83. hxg5  Qg4+  84. Kg2
 h4  85. Qd5  Qe2
 86. a5  hxg3  87. Kxg3
 Qa2  88. Qxc5  Qxb3+
 89. Kf4  Qa4  90. Ke4
 Qc2+  91. Kd5  Qf5+
 92. Kc6  Qc8+  93. Kb5
 Qe8+  94. Qc6  Qe5+
 95. Qd5  Qe8+  96. Kc5
 Qe7+  97. Kd4  Qa7+
 98. Kd3  Kh7  99. f4
 Kg6  100. Qd6+  Kf5
 101. Qd4  Qa6  102. Qf6+
 1-0

[Event "13th World University Championship - MEN"]
[Site "Katowice"]
[Date "2014.08.24"]
[Round "9"]
[White "Gloor, Roger"]
[Black "Lou, Yiping"]
[Result "0-1"]
[LiveChessVersion "1.4.4"]
[BlackElo "2466"]
[WhiteElo "2364"]

1. g3  g6  2. Bg2  Bg7
 3. e4  d6  4. Nc3
 c5  5. f4  Nc6 
6. Nf3  e6  7. d3  Nge7
 8. Be3  Nd4  9. O-O
 O-O  10. Qd2  Rb8
 11. Nd1  b5  12. Nh4
 b4  13. c3  bxc3
 14. bxc3  Nb5  15. a4
 Nc7  16. Bh3  f5
 17. Nf3  Nc6  18. Bg2
 Na5  19. Ra3  fxe4
 0-1

[Event "13th World University Championship - MEN"]
[Site "Katowice"]
[Date "2014.08.24"]
[Round "9"]
[White "Barbosa, Evandro Amorim"]
[Black "Wyss, Jonas"]
[Result "0-1"]
[LiveChessVersion "1.4.4"]
[BlackElo "2276"]
[WhiteElo "2446"]

1. e4  e6  2. d4  d5
 3. Nc3  Bb4  4. a3
 Bxc3+  5. bxc3  dxe4
 6. Qg4  Nf6  7. Qxg7
 Rg8  8. Qh6  Rg6
 9. Qd2  b6  10. Ne2
 Ba6  11. Nf4  Bxf1
 12. Nxg6  Bxg2  13. Rg1
 hxg6  14. Rxg2  Qd5
 15. Qe2  Nbd7  16. Rg5
 Qd6  17. f3  Qc6
 18. Bb2  exf3  19. d5
 Qxd5  20. Rxd5  fxe2
 21. Rd2  Ne5  22. Rxe2
 Nc4  23. O-O-O  Rd8
 24. Rxd8+  Kxd8  25. a4
 a6  26. Kb1  Nd5
 27. Ka2  b5  28. axb5
 axb5  29. Kb3  Na5+
 30. Ka3  Nc4+  31. Kb3
 e5  32. Ba3  Na5+
 33. Kb2  Nc4+  34. Kb3
 Kd7  35. Bf8  Ke6
 36. Re1  f5  37. Rg1
 Kf7  38. Bh6  e4
 39. h4  e3  0-1

[Event "13th World University Championship - MEN"]
[Site "Katowice"]
[Date "2014.08.24"]
[Round "9"]
[White "Nuri, Kambez"]
[Black "Munkhgal, Gombosuren"]
[Result "0-1"]
[LiveChessVersion "1.4.4"]
[BlackElo "2418"]
[WhiteElo "2322"]

1. e4  e6  2. f4  b6
 3. g3  Bb7  4. Bg2
 f5  5. d3  Nf6 
6. Qe2  fxe4  7. dxe4  Nc6
 8. c3  e5  9. Nf3
 Bd6  10. Nbd2  O-O
 11. f5  a5  12. Nc4
 Ba6  13. Bg5  a4
 14. Nfd2  Be7  15. Qf3
 b5  16. Ne3  b4 
17. a3  bxc3  18. bxc3  Na5
 19. Qd1  c6  20. Qxa4
 h6  21. Bh4  Qb6
 22. Nec4  Nxc4  23. Nxc4
 Qc5  24. Bf1  Nxe4
 25. Qc2  Bxc4  26. Qxe4
 Bd5  27. Bc4  Bxh4 0-1

[Event "13th World University Championship - MEN"]
[Site "Katowice"]
[Date "2014.08.24"]
[Round "9"]
[White "Tomazini, Zan"]
[Black "Galmandakh, Badrakh"]
[Result "1-0"]
[LiveChessVersion "1.4.4"]
[BlackElo "2264"]
[WhiteElo "2371"]

1. e4  d6  2. d4  Nf6
 3. Nc3  e5  4. Nf3
 Nbd7  5. g4  Nxg4
 6. Rg1  Ngf6  7. Be3
 c6  8. Qd3  Qa5 
9. O-O-O  b5  10. Kb1  b4
 11. dxe5  Nxe5  12. Nxe5
 dxe5  13. Qc4  Bb7
 14. Ne2  Qc7  15. f4
 Bc8  16. fxe5  Ng4
 17. Bf4  Be6  18. Qa6
 Nf2  19. Re1  Qb6
 20. Nd4  Bc8  21. Qc4
 Qc5  22. e6  Qxc4
 23. Bxc4  Bc5  24. exf7+
 Kf8  25. Rg2  Ng4
 26. Nb3  Be7  27. Reg1
 h5  28. h3  g5 
29. hxg4  Bxg4  30. Be5  Rh6
 31. Rh2  Bf3  32. Nd4
 Bxe4  33. Ne6+  Rxe6
 34. Bxe6  h4  35. Rxh4
 1-0

[Event "13th World University Championship - MEN"]
[Site "Katowice"]
[Date "2014.08.24"]
[Round "9"]
[White "Gergacz, Attila"]
[Black "Grandadam, Nicolas"]
[Result "1-0"]
[LiveChessVersion "1.4.4"]
[BlackElo "2307"]
[WhiteElo "2374"]

1. e4  c6  2. f4  d5
 3. e5  g6  4. Nf3
 Bg4  5. h3  Bxf3
 6. Qxf3  e6  7. b3
 h5  8. g3  Nd7 
9. Bb2  a6  10. Bg2  Bg7
 11. a4  Nh6  12. Nc3
 Nf5  13. Ne2  Bf8
 14. Nd4  Nxd4  15. Bxd4
 Bc5  16. Bc3  Qe7
 17. Ke2  Bb4  18. Bb2
 Ba5  19. Ba3  Bb4
 20. Bb2  Ba5  21. c3
 Bb6  22. a5  Ba7
 23. Ba3  Bc5  24. b4
 Ba7  25. d4  Qd8
 26. g4  Qh4  27. g5
 f6  28. exf6  Bb8
 29. Bc1  Kf7  30. Bd2
 Re8  31. Kd1  e5
 32. dxe5  Bxe5  33. fxe5
 Nxe5  34. Qf4  Qxf4
 35. Bxf4  Nd3  36. Rf1
 Nb2+  37. Kd2  Nc4+
 38. Kd3  Nb2+  39. Kd2
 Nc4+  40. Kd3  Nb2+
 41. Kd4  Re2  42. Bf3
 Rae8  43. Bxe2  1-0

[Event "13th World University Championship - MEN"]
[Site "Katowice"]
[Date "2014.08.24"]
[Round "9"]
[White "Gaehler, Marco"]
[Black "Oliveira, Fernando Henrique"]
[Result "1-0"]
[LiveChessVersion "1.4.4"]
[BlackElo "2178"]
[WhiteElo "2315"]

1. e4  c5  2. Nc3  Nc6
 3. Bb5  Nd4  4. Ba4
 a6  5. d3  b5 
6. Bb3  e6  7. Nge2  Nxb3
 8. axb3  Bb7  9. O-O
 Be7  10. d4  Nf6
 11. e5  Ne4  12. Nxe4
 Bxe4  13. Ng3  Bg6
 14. dxc5  Bxc5  15. c3
 d5  16. b4  Bb6 
17. Qe2  h5  18. Rxa6  Rb8
 19. h4  O-O  20. Bg5
 Qc8  21. Rfa1  d4
 22. Be7  Re8  23. Bd6
 Rb7  24. Qf3  dxc3
 25. bxc3  Bc7  26. Ne2
 Bxd6  27. exd6  e5
 28. Qd5  Qd7  29. Ra8
 Rxa8  30. Rxa8+  Kh7
 31. Qxe5  Rb6  32. Nd4
 Rxd6  33. Qc5  Be4
 34. Re8  Qxe8  35. Qxd6
 Ba8  36. Qg3  g6
 37. Qe3  Qd7  38. f3
 Bd5  39. Qe5  Bc4
 40. Kh2  Qd8  41. Kg3
 Qd7  42. Kf4  Qd8
 43. g3  Qd7  44. g4
 hxg4  45. fxg4  Qb7
 46. h5  Qd7  47. Qf6
 gxh5  48. gxh5  Qc7+
 49. Kg4  Qh2  50. Qf5+
 Kg7  51. Qf3  Qd2
 52. Nf5+  Kh7  53. Qe3
 Qg2+  54. Kf4  Qh2+
 55. Qg3  Qd2+  56. Ke5
 Qd5+  57. Kf4  Qd2+
 58. Qe3  Qh2+  59. Ng3
 Qh4+  60. Kf3  Bd5+
 61. Ke2  Qc4+  62. Qd3+
 Kh6  63. Qxc4  Bxc4+
 64. Ke3  Kg5  65. Kd4
 f6  66. Ne4+  Kxh5
 67. Nxf6+  Kg6  68. Ne4
 Bf1  69. Kc5  Kf7
 70. Nd6+  Ke6  71. Nxb5
 Kd7  72. Kb6  Kc8
 73. c4  Kb8  74. Nd6
 1-0

[Event "13th World University Championship - MEN"]
[Site "Katowice"]
[Date "2014.08.24"]
[Round "9"]
[White "Mafanya, Kulasande"]
[Black "Garcia Guerrero, Isaac Antonio"]
[Result "0-1"]
[LiveChessVersion "1.4.4"]
[BlackElo "2300"]
[WhiteElo "1847"]

1. d4  d5  2. c4  e6
 3. cxd5  exd5  4. Nc3
 c5  5. Nf3  Nc6 
6. Bg5  Be7  7. Bxe7  Ngxe7
 8. e3  O-O  9. dxc5
 Qa5  10. Rc1  Qxc5
 11. Be2  Qb4  12. Qd2
 Bg4  13. O-O  Bxf3
 14. Bxf3  Rad8  15. Rfd1
 d4  16. Bxc6  Nxc6
 17. exd4  Nxd4  18. Kh1
 Rfe8  19. h3  h6
 20. Nb1  Qb6  21. Rc4
 Nf3  22. gxf3  Rxd2
 23. Nxd2  Qxf2 0-1

[Event "13th World University Championship - MEN"]
[Site "Katowice"]
[Date "2014.08.24"]
[Round "9"]
[White "Ayala Pena, Eduardo Azael"]
[Black "Kobayashi, Atsuhiko"]
[Result "1-0"]
[LiveChessVersion "1.4.4"]
[BlackElo "2089"]
[WhiteElo "2190"]

1. d4  g6  2. c4  Bg7
 3. Nc3  f5  4. h4
 Nf6  5. Bg5  Nc6
 6. Nf3  Ne4  7. e3
 Nxc3  8. bxc3  d6
 9. Be2  Bd7  10. e4
 fxe4  11. Nd2  h6
 12. Be3  e5  13. Nxe4
 exd4  14. cxd4  Qe7
 15. Nc3  O-O-O  16. Nd5
 Qf7  17. Rb1  b6
 18. Bf3  Na5  19. O-O
 Bc6  20. Bg4+  Kb8
 21. Nf4  Bf6  22. Be6
 Qe8  23. Qg4  h5
 24. Qxg6  Bxh4  25. Qf5
 Nxc4  26. Bxc4  Be4
 27. Qh3  Bg5  28. Bd3
 Bb7  29. Ne6  Bxe3
 30. Nxd8  Qxd8  31. fxe3 1-0

[Event "13th World University Championship - MEN"]
[Site "Katowice"]
[Date "2014.08.24"]
[Round "9"]
[White "Carlos Arriaga, Jesus Roberto"]
[Black "Tanaka, Toshiki"]
[Result "1-0"]
[LiveChessVersion "1.4.4"]
[BlackElo "1848"]
[WhiteElo "2118"]

1. d4  d5  2. c4  c6
 3. Nf3  Nf6  4. Nc3
 e6  5. Bg5  Be7 
6. e3  Nbd7  7. Rc1  O-O
 8. Bd3  dxc4  9. Bxc4
 Nd5  10. Bxe7  Qxe7
 11. O-O  Nxc3  12. Rxc3
 e5  13. Bb3  e4 
14. Nd2  Nf6  15. Rc5  Bg4
 16. Qc2  Be2  17. Re5
 Qd7  18. Nxe4  Bxf1
 19. Nxf6+  gxf6  20. Rh5
 f5  21. Kxf1  Kh8
 22. Rxf5  Rae8  23. g4
 f6  24. h3  Re7 
25. Qc4  Qd6  26. g5  Rg7
 27. gxf6  Rxf6  28. Rxf6
 Qxf6  29. Qc5  Qf3
 30. Qxa7  Qxh3+  31. Ke2
 Qc8  32. Qa5  Re7
 33. Qg5  Qf8  34. f4
 h6  35. Qg6  Qg7
 36. Bc2  Qxg6  37. Bxg6
 Kg7  38. Bh5  Kf6
 39. Kf3  Rg7  40. Bg4
 Rh7  41. e4  h5 
42. e5+  Ke7  43. Bh3  Rg7
 44. f5  Rg1  45. f6+
 Kf7  46. Kf4  Rd1
 47. Kg5  Rxd4  48. e6+
 Kf8  49. Kxh5  Rd2
 50. Kg6  Rxb2  51. e7+
 Ke8  52. Kg7  Rf2
 53. Bg4  Rg2  54. f7+
 Kxe7  55. f8=Q#  1-0

[Event "13th World University Championship - MEN"]
[Site "Katowice"]
[Date "2014.08.24"]
[Round "9"]
[White "Bornheim, Darren"]
[Black "Hardwarsingh, Vishay"]
[Result "1-0"]
[LiveChessVersion "1.4.4"]
[BlackElo "1596"]
[WhiteElo "1792"]

1. d4  d5  2. c4  Nf6
 3. cxd5  Nxd5  4. e4
 Nb6  5. Nc3  e6 
6. Be3  Nc6  7. a3  g6
 8. Nf3  Bg7  9. b4
 a6  10. Qd2  O-O
 11. Rd1  e5  12. d5
 Na7  13. Bh6  Re8
 14. Bxg7  Kxg7  15. h4
 Bg4  16. Be2  h5
 17. Ng5  Bxe2  18. Qxe2
 Qf6  19. Rh3  Re7
 20. d6  Rd7  21. Rf3
 Qd8  22. Rxf7+  Kg8
 23. Qa2  1-0

[Event "13th World University Championship - MEN"]
[Site "Katowice"]
[Date "2014.08.24"]
[Round "9"]
[White "Frijde, Joel"]
[Black "Katsuta, Yuki"]
[Result "0-1"]
[LiveChessVersion "1.4.4"]
[BlackElo "1917"]
[WhiteElo "1696"]

1. e4  e6  2. d4  d5
 3. e5  c5  4. c3
 Nc6  5. Nf3  Bd7
 6. Be2  Nge7  7. Bg5
 Qb6  8. Qd2  cxd4
 9. cxd4  Nf5  10. Be3
 Rc8  11. Nc3  Na5
 12. O-O  Nc4  13. Bxc4
 Rxc4  14. Rac1  Be7
 15. a3  O-O  16. Ne2
 Bb5  17. Ng3  Nxg3
 18. hxg3  f6  19. g4
 Qd8  20. Kh2  fxe5
 21. Nxe5  Bd6  22. f3
 Qh4+  23. Kg1  Bxe5
 24. dxe5  Qg3  25. Bf2
 Qxe5  26. Bxa7  Ra4
 27. Rfe1  Qf6  28. Bf2
 Bc6  29. Rc3  e5
 30. b4  d4  31. Qa2+
 Kh8  32. Rc5  e4
 33. Rf5  Qe7  34. Rxf8+
 Qxf8  35. fxe4  Qa8
 36. Bxd4  Rxa3  37. Qf7
 Qg8  38. Qxg8+  Kxg8
 39. e5  Rg3  40. e6
 Rxg2+  41. Kf1  Rxg4
 42. e7  Rxd4  0-1